| 000 | 00440nam a2200181Ia 4500 | ||
|---|---|---|---|
| 008 | 180207s9999 xx 000 0 und d | ||
| 020 | _a9780545436557 | ||
| 050 | _bG233 2014 | ||
| 100 | _aGarland, Michael | ||
| 245 | _aWhere's my homework? / | ||
| 245 | _cby Michael Garland. | ||
| 260 | _aNew York : | ||
| 260 | _bCartwheel Books, | ||
| 260 | _c2014 | ||
| 300 | _aunpaged : | ||
| 300 | _bcolor illustration ; | ||
| 300 | _c22cm. | ||
| 999 |
_c355514 _d355514 |
||